000 00715cab a2200241 4500
001 WB3446-31
008 090401t1998 xxu||||| |||| 00| 0 eng d
035 _a(Sirsi) u90062
041 _aeng
245 _aBoost for enterprise culture
260 _c1998
350 _a0
490 _aFinancial Times
_v30 November 1998, 10(1)
520 _aA forthcoming white paper will propose reshaping the DTI to provide greater support to growing companies and entrepreneurs.
650 _aCOMPETITION
650 _aDTI
650 _aENTREPRENEURS
650 _aSMALL BUSINESSES
650 _aWHITE PAPER
690 _aMANAGEMENT-BUSINESS MANAGEMENT-PROFESSIONAL PRACTICE
942 _n0
948 _c01/12/1998
999 _c57039
_d57039